Vista normal
Vista MARC
Entrada Meeting Name
Número de registros utilizados en: 1
001 - CONTROL NUMBER
- control field: 40258
003 - CONTROL NUMBER IDENTIFIER
- control field: OSt
005 - DATE AND TIME OF LATEST TRANSACTION
- control field: 20210913101652.0
008 - FIXED-LENGTH DATA ELEMENTS
- fixed length control field: 210913|| aca||aabn | a|a d
040 ## - CATALOGING SOURCE
- Original cataloging agency: OSt
- Transcribing agency: OSt
111 ## - HEADING--MEETING NAME
- Meeting name or jurisdiction name as entry element: Seminario "Cusiana y la Economía Colombiana en los Años Noventa
- Location of meeting: Bogotá)
- Date of meeting or treaty signing: (1993
670 ## - SOURCE DATA FOUND
- Source citation: Work cat.: (OSt)12431: 28218, Cusiana : , 1993.